| 000 | 00362nam a2200133Ia 4500 | ||
|---|---|---|---|
| 008 | 230917s9999||||xx |||||||||||||| ||und|| | ||
| 040 |
_e93160 _aMAIN |
||
| 041 | _aEnglish | ||
| 082 | _a677 N153S | ||
| 100 | _aNandwani, Ashok | ||
| 245 | 0 | _aEffects of machine parameters on migration behaviour & tenacity of the rotor spun yarn | |
| 300 | _a45 p. | ||
| 942 | _cTH | ||
| 999 |
_c49764 _d49764 |
||